| 000 | 00656nam a22001937a 4500 | ||
|---|---|---|---|
| 999 |
_c169670 _d169670 |
||
| 005 | 20191128161425.0 | ||
| 010 | _aUR-10636 | ||
| 020 |
_c200.00 _a9789388736916 |
||
| 035 | _aU-9191 | ||
| 037 |
_bDBAD/PUB _a- |
||
| 082 | _a844 | ||
| 100 | _aحا ذ ق فر يد | ||
| 245 |
_aتقر يظ و تنقيد (تنقيد) _cحا ذ ق فر يد |
||
| 246 |
_bTaqreez-o-Tanqeed(Criticism) (Urdu) _aby Dr.Hazique Fareed |
||
| 260 |
_aDelhi _bEducational Publishing House _c2019 ء |
||
| 270 |
_a3191,Vakil Street, Kucha Pandit,Lal Kuan, _bDelhi _e110006 _k01123216162 _l- |
||
| 300 |
_a152 ص _c22 Cm(Hb) |
||
| 942 |
_2ddc _cUR _h844 _mف ر ی |
||